NFL Stadiums - Statistics

General Stats
  • This quiz has been taken 328 times
  • The average score is 27 of 30
Answer Stats
Picture Answer % Correct
Las Vegas Raiders
96%
Green Bay Packers
95%
Kansas City Chiefs
95%
Miami Dolphins
95%
Washington Commanders
95%
Carolina Panthers
94%
Dallas Cowboys
94%
New Orleans Saints
94%
Pittsburgh Steelers
94%
Denver Broncos
93%
New England Patriots
93%
Indianapolis Colts
92%
Jacksonville Jaguars
92%
New York Giants / New York Jets
92%
San Francisco 49ers
92%
Los Angeles Charges / Los Angeles Rams
91%
Minnesota Vikings
91%
Philadelphia Eagles
91%
Tampa Bay Buccaneers
91%
Arizona Cardinals
90%
Buffalo Bills
90%
Cincinnati Bengals
90%
Seattle Seahawks
90%
Detroit Lions
89%
Baltimore Ravens
88%
Atlanta Falcons
87%
Houston Texans
85%
Tennessee Titans
85%
Cleveland Browns
83%
Chicago Bears
79%
No matching quizzes found
Score Distribution
Percent of People with Each Score
Percentile by Number Answered
Your Score History
You have not taken this quiz